000 00414 a2200169 4500
260 _bJ.J.Agustin Publisher
300 _aNon Pag.
100 _aHERSKOVITS,M.J.
260 _aNew-York
650 _aSOCIOLOGIE
650 _aBENIN
440 _aDahomey: an ancient west african Kingdom Part VII: art
260 _c1938
130 _len
999 _c23738
_d23738